000 00329nam a2200157Ia 4500
100 _aThampi/G.T
650 _aJava
942 _cBK
366 _f25
654 _ajava
245 _aObject Oriented programming in Java
260 _bDream tech
_c2010
082 _a5.133
_bTHA
546 _aENGLISH
_cPAMPHALETS
999 _c34253
_d34253